[Event "Leiden Chess Tournament"]
[Site "Leiden"]
[Date "2017.07.20"]
[Round "6"]
[White "Nijboer, Friso"]
[Black "Warmerdam, Max"]
[Result "1/2-1/2"]
[WhiteElo "2528"]
[BlackElo "2357"]
[Annotator "TA"]
[PlyCount "134"]
[EventDate "2017.??.??"]
[EventCountry "NED"]
[SourceTitle "playchess.com"]
[Source "ChessBase"]
[SourceQuality "1"]

{[%evp 18,134,40,10,23,0,0,0,7,0,0,0,7,0,0,0,0,-5,0,-22,14,-34,12,-19,0,0,34,11,47,15,31,15,23,16,21,-57,0,-3,8,-8,-14,-29,-13,-34,-23,-286,-281,-286,-282,-274,-241,-528,-522,-512,-275,-281,-269,-279,-270,-260,-260,-257,-252,-246,-241,-241,-241,-220,-176,-180,-24,-24,-24,-24,-20,-20,-20,-20,0,-20,0,-20,-20,-20,-20,-20,-20,-20,-16,-16,-16,-20,-20,-20,-20,-28,-12,-12,-12,-28,-28,-28,-28,-28,-28,-28,-28,-28,-30,-52,-52,-61,-61,-61,-61,-68,-68,-83,8]} 1. d4 Nf6 2. c4 g6 3. f3 Bg7 4. e4 d6 5. Nc3 O-O 6. Be3 c6 7. Bd3 a6 8. Nge2 Nbd7 9. O-O b5 10. Rc1 e5 {E81: King's Indian: Sämisch: 6th move deviations (including 6 Be3 c6)} (10... Bb7 11. Qd2 bxc4 12. Bxc4 d5 13. Bb3 dxe4 14. fxe4 Ng4 15. e5 Nxe3 16. Qxe3 e6 17. Ne4 c5 18. Nxc5 Nxc5 19. dxc5 {½-½ (69) Richter,M (2517)-Thiede,L (2437) Berlin 2015}) 11. cxb5 (11. d5 $5 {[%cal Rd5c6]} bxc4 12. Bxc4 $14) 11... axb5 12. b4 Bb7 $146 {The position is equal.} ({Predecessor:} 12... exd4 13. Nxd4 Ne5 14. h3 Be6 {1-0 (42) Shakhov,M (1792)-Novy,F (1824) Maribor 2012}) 13. Qb3 exd4 14. Nxd4 Re8 15. Bf2 Ne5 16. Be2 Nh5 17. g3 Nf6 18. Rfe1 Qe7 19. h3 Ned7 (19... Qd7 $5 {[%cal Rd7h3]} 20. Kg2 Bc8 $11) 20. a4 bxa4 21. Nxa4 Rac8 (21... Nxe4 $5 22. Bf1 (22. fxe4 Bxd4 23. Bxd4 Qxe4 $17) 22... Bxd4 23. Bxd4 Nd2 $15) 22. Bf1 c5 23. bxc5 Nxc5 24. Nxc5 dxc5 25. Nb5 {Black must now prevent e5.} Nd7 26. Qd1 (26. f4 $11) 26... Red8 ({Black should try} 26... Ne5 $1 $15) 27. Nd6 (27. Qd6 $5 {[%cal Rd6e7]} Qf8 28. Be2 $11) 27... Rb8 {[%cal Bc8b8,Bb8b7,Bb7b2][%mdl 32]} 28. Nxb7 Rxb7 29. Qe2 Ne5 30. Bxc5 Qg5 $36 {[%mdl 2048] Black fights for an advantage.} 31. g4 $2 {[%mdl 8192] [#]} (31. Bf2 $11 {and White has nothing to worry.} Nd3 32. f4 Nxc1 33. Rxc1) 31... Rb2 $1 {[%mdl 512]} 32. Qe3 (32. Qxb2 Nxf3+) 32... Qxe3+ 33. Rxe3 {f4 is the strong threat.} Bh6 34. Bg2 $2 (34. Rce1 {was called for.} Bxe3+ 35. Rxe3) 34... Rdd2 $19 35. Bh1 {If only White now had time for Ra3....} Nd3 36. Rxd3 Rxd3 37. Rf1 Be3+ 38. Bxe3 Rxe3 {[%mdl 4096] Endgame KRR-KRB} 39. h4 Ree2 40. f4 Rh2 41. Bf3 Rxh4 42. Rf2 Rxf2 43. Kxf2 {[#] KR-KB} h6 $2 (43... Rh2+ $1 $19 44. Bg2 f6) 44. Kg3 $11 g5 45. e5 Kf8 46. Bg2 Ke7 (46... f6 $5 47. exf6 Kf7 $17) 47. Bf3 Kf8 48. Bg2 Kg8 49. Bd5 Kg7 50. Bf3 f6 51. exf6+ $1 Kxf6 52. Bg2 Ke6 (52... h5 $5 {[%cal Rh4g4]} 53. fxg5+ Kxg5 54. gxh5 Rxh5 $11) 53. Bf3 Kd6 54. Bg2 Kc5 55. Ba8 Kd4 56. Bf3 Ke3 57. f5 h5 $1 {[%cal Rh5g4] Strongly threatening ...hxg4.} 58. gxh5 (58. f6 $5 {[%cal Rf6f7]} hxg4 59. Bd5 $11) 58... Kd4 {Threatens to win with ...Rf4.} 59. f6 Ke5 60. f7 Rf4 61. h6 Rxf7 {Hoping for ...Rf4.} 62. Kg4 Kf6 {aiming for ...Kg6.} 63. Be4 Re7 64. Bc2 Rc7 65. h7 Rc4+ 66. Kg3 Kg7 67. Bb1 Rc2 {Precision: White = 59%, Black = 47%.} ({Black should play} 67... Kh8 $17 68. Bg6 Kg7) 1/2-1/2

[Event "Leiden Chess Tournament"]
[Site "Leiden"]
[Date "2017.07.20"]
[Round "6"]
[White "Pruijssers, Roeland"]
[Black "Slingerland, Fred"]
[Result "1-0"]
[WhiteElo "2508"]
[BlackElo "2335"]
[Annotator "TA"]
[PlyCount "67"]
[EventDate "2017.??.??"]
[EventCountry "NED"]
[SourceTitle "playchess.com"]
[Source "ChessBase"]
[SourceQuality "1"]

{[%evp 21,67,24,21,22,18,22,40,34,40,32,66,48,54,43,39,29,64,46,64,54,111,70,168,128,192,161,189,146,182,175,341,332,518,439,606,606,590,601,1452,1345,1693,1693,1694,1685,1566,1159,29992,29993]} 1. e4 c5 2. Nf3 d6 3. d4 cxd4 4. Nxd4 Nf6 5. Nc3 Nc6 6. Bg5 e6 7. Qd2 a6 8. O-O-O Bd7 9. f3 b5 10. Kb1 Be7 11. Nxc6 Bxc6 12. h4 {B67: Sicilian: Richter-Rauzer: 7...a6 8 0-0-0 Bd7, lines without 9 f4 Be7} Rc8 13. Ne2 Bb7 14. Nd4 {White is slightly better.} Nd7 15. g4 $146 ({Predecessor:} 15. Qe3 O-O 16. g4 Ne5 17. Bxe7 Qxe7 18. g5 Qc7 19. Bd3 d5 {½-½ (62) Bok,B (2322)-Gupta,A (2577) Wijk aan Zee 2010}) 15... Ne5 16. Qe3 h6 17. Bxe7 Qxe7 18. Be2 g6 19. Nb3 Qc7 20. c3 Ke7 (20... h5 $14) 21. Ka1 Nc6 (21... Nd7 $14) 22. Rd2 Ba8 (22... Ne5 $16 {was worth a try.}) 23. Rhd1 Rcd8 24. f4 {[%cal Bf3f4,Bf4f5][%mdl 32]} Qa7 25. Qg3 Qb8 $2 {[#]} (25... Qc7 26. Qf2 Ke8) 26. g5 $18 a5 (26... hxg5 $142 27. Qxg5+ f6) 27. f5 hxg5 28. fxe6 Ne5 29. exf7 gxh4 30. Qg5+ Kxf7 31. Bg4 {[#] White threatens Rf2+ and mate.} Qc7 32. Rf2+ Ke8 33. Qf6 Qh7 34. Rxd6 {Precision: White = 86%, Black = 27%.} 1-0

[Event "Leiden Chess Tournament"]
[Site "Leiden"]
[Date "2017.07.20"]
[Round "6"]
[White "Gavrilov, Alexei"]
[Black "Ypma, Peter"]
[Result "0-1"]
[WhiteElo "2491"]
[BlackElo "2283"]
[Annotator "TA"]
[PlyCount "110"]
[EventDate "2017.??.??"]
[EventCountry "NED"]
[SourceTitle "playchess.com"]
[Source "ChessBase"]
[SourceQuality "1"]

{[%evp 13,110,40,51,39,56,39,91,64,68,37,117,78,123,137,131,143,112,112,147,153,262,153,161,109,113,92,101,83,118,88,96,90,99,93,80,0,0,0,0,0,18,0,39,-9,-8,-8,-8,-8,-8,-8,-8,-20,-20,-63,-68,-79,-80,-102,-8,-8,-8,-8,-8,-8,0,0,0,0,-7,0,0,0,0,-8,-8,-8,-8,-1436,-8,-1941,-1537,-29965,-29966,-29966,-29967,-29966,-29969,-29966,-10855,-29968,-29964,-29969,-29973,-29971,-29974,-29971,-29972,-29987,-29988]} 1. e4 d6 2. d4 Nf6 3. Nc3 Nbd7 4. Nf3 e5 5. Bc4 Be7 6. O-O c6 7. a4 {[%cal Ba2a4,Ba4a5][%mdl 32]} Qc7 8. Ba2 {C41: Philidor Defence} h6 9. Qd3 $146 ({Predecessor:} 9. dxe5 dxe5 10. Nh4 Nc5 11. Nf5 Bxf5 12. exf5 O-O 13. Be3 e4 14. Qe2 Qe5 15. Rae1 Rae8 {0-1 (26) Bok,B (2587)-Rapport,R (2704) Riga 2014}) 9... g5 (9... exd4 $14 10. Nxd4 (10. Qxd4 Ne5 $11) 10... O-O) 10. Be3 {White is better.} Nf8 11. Qc4 Rh7 (11... Ne6 $14) 12. a5 Ng6 13. dxe5 dxe5 14. Nd5 Nxd5 15. exd5 Bd7 16. Rfd1 Qb8 (16... Rg7 $16 17. a6 b6) 17. dxc6 (17. a6 $18) 17... Bxc6 $16 18. Bb3 (18. a6 $18) 18... a6 19. Ba4 Qc8 20. h3 f6 21. Nd2 (21. Qg8+ {feels hotter.} Nf8 22. Bb3 Qf5 23. c3 h5 24. Rd2) 21... Bxa4 22. Qxa4+ Qc6 23. Qxc6+ bxc6 24. g4 (24. Ne4 $16) 24... h5 $11 25. Ne4 hxg4 26. hxg4 Kf7 27. Kg2 Rah8 28. Rh1 (28. Rd7 {looks sharper.} Rh2+ 29. Kf3 R8h3+ 30. Ng3 f5 31. gxf5 e4+ 32. Ke2) 28... Nf4+ 29. Bxf4 $1 Rxh1 30. Rxh1 Rxh1 31. Kxh1 {[#] Hoping for Bd2.} exf4 {[%mdl 4096] Endgame KB-KN} 32. Kg2 Ke6 33. Kf3 f5 34. Nd2 Bc5 35. c3 fxg4+ (35... Ba7 $17) 36. Kxg4 Bxf2 37. Kxg5 Be3 38. Nf3 c5 {[#] Threatens to win with ...c4.} (38... Kd5 $5 {[%cal Rc6c5]}) 39. c4 Bc1 40. b3 Be3 41. Kg6 Bc1 42. Kg5 $1 Be3 43. Kg4 Kf6 44. Ne1 Ke5 {...Kd4 is the strong threat.} 45. b4 $2 {[%mdl 8192]} (45. Nf3+ $11 Ke4 46. Ng5+ Ke5 47. Nf3+ Ke4 48. Ng5+ Kd3 49. Ne6) 45... cxb4 $19 46. Nd3+ $1 Ke4 47. Nxb4 f3 48. Kg3 Bd2 49. Nd5 Be1+ 50. Kh2 Bxa5 51. Kg1 Bd8 {Black mates.} 52. Kf2 Bh4+ 53. Kf1 a5 {[%cal Ba6a5,Ba5a4][%mdl 32]} 54. Nb6 Kd4 55. Nd7 a4 {Precision: White = 45%, Black = 57%.} 0-1

[Event "Leiden Chess Tournament"]
[Site "Leiden"]
[Date "2017.07.20"]
[Round "6"]
[White "Beerdsen, Thomas"]
[Black "Shyam, Sundar M."]
[Result "0-1"]
[WhiteElo "2452"]
[BlackElo "2534"]
[Annotator "TA"]
[PlyCount "60"]
[EventDate "2017.??.??"]
[EventCountry "NED"]
[SourceTitle "playchess.com"]
[Source "ChessBase"]
[SourceQuality "1"]

{[%evp 18,60,47,-4,34,-1,32,31,10,32,37,-18,-22,-28,-28,-30,-29,-32,-13,-46,-46,-70,-63,-130,-123,-114,-89,-105,-87,-84,-88,-121,-131,-118,-116,-175,-150,-168,-147,-593,-632,-679,-657,-746,-722]} 1. e4 c5 2. Nf3 e6 3. d4 cxd4 4. Nxd4 Nc6 5. Nc3 Qc7 6. f4 a6 7. Nxc6 Qxc6 8. Bd3 b5 9. Qe2 Bb7 10. O-O {LiveBook: 17 Games} (10. Bd2 $14) 10... h5 {B43: Sicilian: Kan Variation: 5 Nc3} (10... b4 11. Nd5 Ne7 12. c4 exd5 13. exd5 Qf6 14. f5 Kd8 15. Be3 Nc8 16. Rad1 a5 17. c5 Ba6 18. d6 Bxd3 19. Qxd3 h6 20. Bd4 Qh4 21. Rfe1 f6 22. Qf3 Rb8 23. Re4 {1-0 (23) Zubarev,A (2597)-Philippe,C (2413) Metz 2012}) 11. h3 $146 ({Predecessor:} 11. f5 Nf6 12. Bg5 b4 13. Bxf6 gxf6 14. Nd5 Qc5+ 15. Ne3 Bh6 16. Rae1 e5 17. Kh1 Bxe3 18. Qxe3 {½-½ (31) Stanculescu,C (2096)-Baratosi,D (2140) Buzias 2002}) 11... Nf6 12. a3 Bc5+ {White is slightly better.} 13. Be3 h4 14. Bxc5 (14. Qf2 $14 Bxe3 15. Qxe3) 14... Qxc5+ $11 15. Qf2 Qxf2+ 16. Rxf2 d6 17. Rd1 Rd8 18. Rfd2 Ke7 19. Kf2 Rhg8 20. a4 (20. Kg1 $15) 20... b4 $17 21. Na2 a5 22. c3 Bxe4 23. cxb4 g5 $36 {[%cal Bg7g5,Bg5f4][%mdl 2080] Black is really pushing.} 24. bxa5 gxf4 25. Kf1 Ba8 {Strongly threatening ...Nd5.} 26. Nc3 (26. Nb4 $17) 26... d5 {[%cal Bd6d5,Bd5d4][%mdl 32]} 27. Bb1 {[#]} d4 $1 {[%cal Rd4c3][%mdl 512]} 28. Nb5 $2 {[%mdl 8192]} (28. Rxd4 $17 {nothing else works.} Bxg2+ 29. Kf2) 28... Nd5 $19 {Black is clearly winning.} 29. Rc1 Ne3+ 30. Kg1 Bxg2 {Precision: White = 23%, Black = 72%.} 0-1

[Event "Leiden Chess Tournament"]
[Site "Leiden"]
[Date "2017.07.20"]
[Round "6"]
[White "Vrolijk, Liam"]
[Black "Sandipan, Chanda"]
[Result "1/2-1/2"]
[WhiteElo "2419"]
[BlackElo "2575"]
[Annotator "TA"]
[PlyCount "124"]
[EventDate "2017.??.??"]
[EventCountry "NED"]
[SourceTitle "playchess.com"]
[Source "ChessBase"]
[SourceQuality "1"]

{[%evp 26,124,24,0,8,0,34,0,0,0,43,-95,-100,-101,-88,-91,-97,-93,-88,-91,-77,-99,-81,-47,-10,-18,-23,-57,-8,-8,-14,-19,-10,-13,-19,-18,-18,-25,-31,-28,-24,-63,-50,-91,-90,-129,-142,-160,-169,-135,-82,-89,-89,-82,-91,-83,-83,-72,-8,-8,-8,-9,0,0,0,0,0,0,0,0,0,-8,-8,-8,-8,-8,-8,-8,-8,-8,-8,-8,-8,-8,-8,-8,-8,-8,-8,-8,-8,-8,-8,-8,-8,-8,-8,-8,-8,-8,-8]} 1. d4 Nf6 2. c4 c5 3. d5 e6 4. Nc3 exd5 5. cxd5 d6 6. e4 g6 7. f3 Bg7 8. Nge2 O-O 9. Ng3 a6 10. a4 h5 {A65: Modern Benoni: 6 e4} (10... Nbd7 11. Be2 Ne8 12. O-O Rb8 13. f4 Nc7 14. e5 dxe5 15. f5 b5 16. d6 Ne8 17. axb5 axb5 18. Nce4 c4 19. Bg5 {½-½ (28) Aronian,L (2780)-Nepomniachtchi,I (2767) Wijk aan Zee 2017}) 11. Bg5 Qe8 12. Bd3 Nbd7 13. O-O Nh7 14. Be3 {LiveBook: 3 Games} f5 15. Qd2 {[%cal Re4f5]} Ne5 16. Be2 h4 17. Nh1 fxe4 $146 (17... h3 $5) ({Predecessor:} 17... h3 18. g3 fxe4 19. Nxe4 {0-1 (57) Vasilevich,T (2372)-Bodnaruk,A (2463) Sochi 2016}) 18. fxe4 (18. Nxe4 $14 {was forced to keep a grip.} Ng4 19. fxg4 Rxf1+ 20. Rxf1 Qxe4 21. Nf2) 18... h3 $17 19. g3 Ng4 20. Bxg4 Bxg4 21. Nf2 Bd7 22. Bh6 Qe5 23. Nd3 Bxh6 24. Qxh6 Qd4+ 25. Nf2 Qg7 26. Qxg7+ Kxg7 27. e5 $132 {[%mdl 2048] White is not keeping still} dxe5 28. Nd3 Rxf1+ 29. Rxf1 Bf5 30. Nxe5 Nf6 31. Rd1 Re8 32. Nc4 $1 Bc2 33. Rc1 Bb3 34. Nd6 Re7 35. Nc8 Re3 $1 36. d6 Rd3 {...Rd2 is the strong threat.} 37. Re1 {[#]} Rd2 (37... b5 $142 $1 {[%mdl 512]} 38. axb5 axb5) 38. Re2 Rxe2 39. Nxe2 Bxa4 {[%mdl 4096] Endgame KBN-KNN} 40. Nf4 Bd7 41. Nb6 Bf5 ({Black should try} 41... Kf7 $17 {Strongly threatening ...Bf5.} 42. Nxd7 Nxd7) 42. g4 $1 $11 {[%cal Rg4f5] The position is equal.} Bxg4 43. Nd3 Kf7 (43... c4 $5 44. Nc5 Kf7 $15) 44. Nxc5 Bf3 45. d7 Ke7 46. Nc8+ $1 Kd8 47. Nb6 Bd5 48. Nxd5 Nxd5 49. Nxb7+ Kxd7 {KN-KN} 50. Nc5+ Kc6 51. Nxa6 Kb6 52. Nb8 Nf6 {White must now prevent ...Kb7.} 53. Kf2 Kb7 54. Kg3 Kxb8 55. Kxh3 {KN-KPP} Kc7 {With the idea ...Kd6.} 56. Kg3 Kd6 {And now ...Ke5 would win.} 57. Kf4 Ke6 58. b4 Kf7 59. h4 Kg7 60. b5 Kh6 61. Kg3 Nd5 62. Kg4 Nb6 {Precision: White = 76%, Black = 78%.} 1/2-1/2

[Event "Leiden Chess Tournament"]
[Site "Leiden"]
[Date "2017.07.20"]
[Round "6"]
[White "Perske, Thore"]
[Black "Pijpers, Arthur"]
[Result "1/2-1/2"]
[WhiteElo "2413"]
[BlackElo "2457"]
[Annotator "TA"]
[PlyCount "32"]
[EventDate "2017.??.??"]
[EventCountry "NED"]
[SourceTitle "playchess.com"]
[Source "ChessBase"]
[SourceQuality "1"]

{[%evp 9,32,10,29,10,10,5,9,6,4,1,8,8,10,0,0,-25,-4,-5,-6,-6,-5,-10,12,14,20]} 1. e4 c5 2. Nf3 Nc6 3. Nc3 d6 4. Bb5 Bd7 5. O-O Nf6 6. Bxc6 {B51: Sicilian: Moscow Variation (3 Bb5+) without 3...Bd7} Bxc6 7. e5 dxe5 8. Nxe5 Qc7 9. Re1 e6 10. Qe2 $146 ({Predecessor:} 10. d3 Bd6 11. Nxc6 Qxc6 12. Bg5 Be7 13. Qe2 h6 {½-½ (56) Andriasian,Z (2460)-Iskusnyh,S (2510) Moscow 2006}) 10... Bd6 11. d3 O-O 12. Bf4 Nd7 13. Nxd7 {The position is equal.} Qxd7 14. Bxd6 Qxd6 15. Qe5 Qxe5 16. Rxe5 b6 1/2-1/2

[Event "Leiden Chess Tournament"]
[Site "Leiden"]
[Date "2017.07.20"]
[Round "6"]
[White "Le Clercq, Maxim"]
[Black "Coiffait, Casimir"]
[Result "1/2-1/2"]
[WhiteElo "1906"]
[BlackElo "1853"]
[Annotator "NA RC"]
[PlyCount "139"]
[EventDate "2017.??.??"]
[EventCountry "NED"]
[SourceTitle "playchess.com"]
[Source "ChessBase"]
[SourceQuality "1"]
[TimeControl "40/5400+30:1800+30"]

{[%evp 13,131,-14,32767,32767,32767,7,32767,32767,0,-17,32767,32767,32767,32767,32767,-21,47,60,98,64,82,49,90,71,74,32767,32767,32767,32767,-74,-46,38,-50,-53,-63,-161,32767,-135,-137,-151,-97,32767,32767,32767,32767,32767,-40,-74,-13,32767,-13,-23,-25,32767,32767,32767,32767,-31,-20,32767,-134,-156,37,27,47,-235,13,28,24,31,39,45,46,0,0,0,87,32767,32767,32767,32767,32767,32767,32767,32767,32767,32767,32767,32767,32767,32767,32767,32767,32767,32767,32767,32767,32767,32767,32767,32767,32767,32767,43,5297,5051,5069,6156,5314,6029,12841,0,32767,32767,32767,32767,0,0,0,0]} 1. d4 {[%emt 0:00:00]} Nf6 {[%emt 0:00:07]} 2. Bf4 {[%emt 0:00:39]} e6 {[%emt 0:00:09]} 3. Nf3 {[%emt 0:00:49]} b6 {[%emt 0:00:40]} 4. e3 {[%emt 0:06:14]} Bb7 {[%emt 0:00:34]} 5. Bd3 {[%emt 0:01:15]} c5 {[%emt 0:00:09]} 6. c3 {[%emt 0:01:59]} Be7 {[%emt 0:00:20]} 7. Nbd2 {[%emt 0:01:05]} cxd4 {[%emt 0:00:08]} 8. exd4 {[%emt 0:01:04]} O-O {[%emt 0:00:30]} 9. h4 {[%emt 0:07:37] A47: 1 d4 Nf6 2 Nf3 b6: Torre, London and Colle Systems} d6 {[%emt 0:03:49]} 10. Qe2 {[%emt 0:03:42]} Nbd7 {[%emt 0:04:16]} 11. O-O-O {[%emt 0:08:51]} (11. Bg5 a6 12. Ne4 Bxe4 13. Bxe4 Nxe4 14. Qxe4 b5 15. O-O Nb6 16. Bxe7 Qxe7 {½-½ (56) Winants,L (2545)-Naiditsch,A (2709) Tromsoe 2014}) 11... Nd5 {[%emt 0:19:58]} 12. Bh2 $146 {[%emt 0:04:12]} ({Predecessor:} 12. Bg5 N7f6 13. Ne4 Rc8 14. Nxf6+ Bxf6 {0-1 (73) Pacheco,D (2312)-Palu,A (2170) Mina Clavero 2016}) 12... N7f6 {[%emt 0:01:43]} 13. Ng5 {[%emt 0:04:43]} b5 {[%emt 0:00:40]} 14. Kb1 {[%emt 0:01:48]} b4 {[%emt 0:02:50]} 15. c4 {[%emt 0:00:54]} Nb6 {[%emt 0:04:26]} 16. Bf4 {[%emt 0:07:40]} Nbd7 {[%emt 0:23:56]} ({Don't go for} 16... Bxg2 $2 17. Rhg1 $18) 17. Ndf3 {[%emt 0:07:34]} b3 {[%emt 0:10:45]} (17... Qb6 $14) 18. axb3 {[%emt 0:03:23]} Qb6 {[%emt 0:00:58]} 19. Rh3 {[%emt 0:07:28]} a5 {[%emt 0:10:24]} 20. Qc2 {[%emt 0:15:59]} h6 {[%emt 0:02:33]} 21. Nh7 {[%emt 0:02:33]} (21. Bd2 $11) 21... Nxh7 {[%emt 0:03:04]} 22. Bxh7+ {[%emt 0:00:02]} Kh8 {[%emt 0:00:06]} 23. Ng5 {[%emt 0:01:20]} Nf6 {[%emt 0:06:40]} ({But not} 23... Bxg2 $6 24. Rg3 $11) ({Don't blunder} 23... hxg5 $2 24. hxg5 g6 25. Bxg6+ Kg8 26. Rh7 $18) 24. Bd3 {[%emt 0:01:09]} (24. d5 $17) 24... a4 {[%emt 0:01:00]} 25. b4 {[%emt 0:05:58]} Qxb4 {[%emt 0:01:25]} 26. Bf1 {[%emt 0:02:07]} a3 {[%emt 0:01:29]} ({Better is} 26... Kg8 27. Bd2 Qb6) 27. Rb3 {[%emt 0:00:39]} a2+ {[%emt 0:00:04]} 28. Ka1 {[%emt 0:00:02]} Qa4 {[%emt 0:00:05]} 29. Qd3 {[%emt 0:02:33]} Bc6 {[%emt 0:01:33]} ({Black should play} 29... hxg5 $19 30. hxg5 Be4) 30. Be2 {[%emt 0:00:01]} Qa7 {[%emt 0:00:35]} (30... hxg5 31. hxg5 Be4 32. Rh1+ Kg8 33. Qh3 $18) (30... Kg8 $5 {[%cal Rh6g5]} 31. Nf3 Ne4 $17) 31. Rh1 {[%emt 0:00:42]} Qd7 {[%emt 0:00:27]} ({Better is} 31... Bxg2 $17 32. Rg1 Bc6) 32. Bd1 {[%emt 0:00:02]} Ba4 {[%emt 0:00:10]} (32... Bxg2 $2 33. Rg1 $19) 33. Ra3 {[%emt 0:00:58]} Bxd1 {[%emt 0:00:28]} 34. Rxa8 {[%emt 0:00:24]} Rxa8 {[%emt 0:00:01]} 35. Qxd1 {[%emt 0:01:20]} Kg8 {[%emt 0:00:54]} ({Don't blunder} 35... hxg5 $2 36. hxg5+ Kg8 37. gxf6 $18) 36. Qd3 {[%emt 0:00:24] [#]} e5 $1 {[%emt 0:00:51]} 37. Be3 {[%emt 0:00:40]} hxg5 $2 {[%emt 0:00:36]} (37... Qb7 $19 38. d5 Rb8) 38. hxg5 {[%emt 0:00:01]} e4 {[%emt 0:00:04]} 39. Qe2 $2 {[%emt 0:00:39]} (39. Qc2 $14 {was forced to keep a grip.}) 39... g6 $2 {[%emt 0:00:46]} ({Better is} 39... Ng4 $19 40. Bd2 Qe6) 40. gxf6 {[%emt 0:00:27]} Bxf6 {[%emt 0:30:04]} 41. g3 {[%emt 0:30:56]} Qa7 {[%emt 0:00:00]} 42. Qd2 {[%emt 0:00:00]} Qa4 {[%emt 0:00:00]} 43. Bg5 {[%emt 0:00:00]} Bg7 {[%emt 0:00:00]} 44. Bh6 {[%emt 0:00:00]} Bh8 {[%emt 0:00:00]} (44... Bf6 $11) 45. Bf8 {[%emt 0:00:00]} Kxf8 {[%emt 0:00:00]} 46. Rxh8+ {[%emt 0:00:00]} Ke7 {[%emt 0:00:00]} 47. Qg5+ {[%emt 0:00:00]} Kd7 {[%emt 0:00:00]} 48. Rxa8 {[%emt 0:00:00]} Qxa8 {[%emt 0:00:00]} 49. Qf6 {[%emt 0:00:00]} Qa4 {[%emt 0:00:23]} 50. Qxf7+ {[%emt 0:00:00]} Kd8 {[%emt 0:00:03]} 51. Qg8+ {[%emt 0:02:04]} Kd7 {[%emt 0:00:08]} 52. Qf7+ {[%emt 0:00:10]} Kd8 {[%emt 0:00:17]} 53. Qg8+ {[%emt 0:00:48]} Kd7 {[%emt 0:00:05]} 54. Qh7+ {[%emt 0:00:19]} Kd8 {[%emt 0:01:57]} 55. Qh4+ {[%emt 0:00:04]} Kd7 {[%emt 0:00:21]} 56. Qg4+ {[%emt 0:00:50]} Kc7 {[%emt 0:02:54]} 57. Qe2 {[%emt 0:00:01]} Qb3 {[%emt 0:00:31]} 58. Qd2 {[%emt 0:00:52]} ({But not} 58. Qxe4 $6 Qd1+ 59. Kxa2 Qa4+ 60. Kb1 Qd1+ 61. Ka2 Qa4+ 62. Kb1 Qd1+ 63. Ka2 $11) 58... Qxc4 $2 {[%emt 0:02:07]} (58... Kd7 $14) 59. Qc3 {[%emt 0:00:40]} d5 {[%emt 0:00:04]} 60. Qxc4+ {[%emt 0:00:06]} dxc4 {[%emt 0:00:04]} 61. Kxa2 {[%emt 0:00:14]} Kc6 {[%emt 0:00:08] [#]} 62. Kb1 $2 {[%emt 0:02:56]} ({Only move:} 62. b4 $1 $18 cxb3+ 63. Kxb3) 62... Kd5 {[%emt 0:00:08]} 63. Kc2 {[%emt 0:00:01]} Kxd4 {[%emt 0:00:09]} 64. Kd2 {[%emt 0:00:01]} g5 {[%emt 0:00:54]} 65. g4 {[%emt 0:02:27]} Kd5 {[%emt 0:00:20]} 66. Ke2 $11 {[%emt 0:00:33]} Ke6 {[%emt 0:02:09]} 67. Kd2 {[%emt 0:00:29]} Kd6 {[%emt 0:00:14]} 68. Ke2 {[%emt 0:00:26]} Ke6 {[%emt 0:00:43]} 69. Kd2 {[%emt 0:00:17]} Kd5 {[%emt 0:00:16]} 70. Ke2 {[%emt 0:00:07]} 1/2-1/2